00927 2200193 4500001002100000005001500021035002000036245005200056100001600108250001700124300002800141260003900169082000800208084001400216020002200230600002100252520044200273500001800715INLIS00000000000002720240319070230 a0010-03240000271 aApa Itu Makruh :bWhat Is Makruh /cAli Muakhir0 aAli Muakhir acetakan ke-1 a32 hlm :bilus ;c18 cm aJakarta :bBumi Aksara Kids,c2009 a2X4 a2X4 ALI a a978-979-010-516-4 4aCerita Bergambar aApa itu Makruh? Kalian pernah mendengar tentang makruh? Kalian tahu maksudnya? Makruh adalah sesuatu yang apabila ditinggalkan mendapat pahala dan apabila dikerjakan tidak mendapat dosa. Perbuatan yang dimakruhkan misalnya, tidur sebelum melaksanakan shalat isya, berzikir tanpa bersuci, dan sebagainya. Dalam buku ini, beberapa contoh perbuatan yang dimakruhkan, dijelaskan dengan sangat menghibur, sehingga kalian mudah memahaminya. aSeri Muamalah